EastEnders Original Characters (Mapped) Quiz Stats

 Plays Quiz not verified by Sporcle

Score 0/26 Timer 08:00
0 Plays Today
% Correct
Ian Beale
88.4%
Dot Cotton
88.4%
Pauline Fowler
86%
'Dirty' Den Watts
83.7%
'Nasty' Nick Cotton
83.7%
Sharon Watts
83.7%
Angie Watts
81.4%
Pete Beale
79.1%
Arthur Fowler
79.1%
Ethel Skinner
79.1%
Kathy Beale
74.4%
Michelle Fowler
74.4%
Mary Smith
72.1%
% Correct
Lou Beale
69.8%
George 'Lofty' Holloway
67.4%
Harold Legg
67.4%
Ali Osman
65.1%
Simon 'Wicksy' Wicks
62.8%
Willy
53.5%
Sue Osman
53.5%
Roly
51.2%
Andy O'Brien
48.8%
Debbie Wilkins
46.5%
Kelvin Carpenter
46.5%
Tony Carpenter
44.2%
Saeed Jeffery
37.2%

You're not logged in!

Compare scores with friends on all Sporcle quizzes.
OR
Log In

Sporcle TV

Today on Sporcle TV


Watch our educational content, quiz creation guides, and fun videos on Sporcle TV.

Show Comments

Extras

Created Sep 15, 2019ReportNominate
Tags:attender, character, original

Top Quizzes Today


Score Distribution

Your Account Isn't Verified!

In order to create a playlist on Sporcle, you need to verify the email address you used during registration. Go to your Sporcle Settings to finish the process.

Report this User

Report this user for behavior that violates our Community Guidelines.

Details: